1776 1518 1472 1532 1678 1934 1932 1711 1768 1810 1457 1906 1713 1372 1036 1041 1545 1599 1569 1933 1517 1394 1498 1974 1498 1776 1393 1449 1973 1357 1935 1822 1957 1496 1552 1773 1295 1518 1271 1058 1274 1724 1515 1774 1995 1496 1529 1408 1739 1011 1333 1360 1952 1421 1369 1993 1313 1311 1890 1315 1216 1813 1129 1232 1124 1159 1028 1085 1398 1203 1986 1411 1912 1126 1809 1685 1252 1771 1718 1249 1246 1299 1929 1255 1892 1094 1654 1175 1227 1368 1743 1060 1550 1375 1834 1110 1033 1355 1795 BCNSPRNW ULIB Ver.6.0+V

เปลี่ยนเป็นภาษาไทย

Change to English
 แสดงรายละเอียดบรรณานุกรม
  กลับหน้าหลัก

Brief Record : Get Marc (ISO 2709) : E-mail record : QR code < ปิดหน้าต่าง
LEADER : 00000nam 2200000uu 4500
001    13399113502
003     ULIB
008    111122s2552||||th 000 0 tha d
020    ^a9786115200115
090    ^aนว^bพ661ป 2552
100 0  ^aพิณณ์อวี
245 10 ^aปราการรัก แห่งผืนทราย /^cพิณณ์อวี
260    ^aกรุงเทพฯ :^b1168,^c2552
300    ^a256 หน้า ;^c21 ซม.
945    ^p169^l0^i15945
995    ^aกัณชพร
999    ^aใช้งานได้ทุกระบบ
รายการนี้ยังไม่มีแท็ก
คุณยังไม่ได้ล็อกอิน คุณสามารถมีกิจกรรมร่วมกับเว็บไซต์ได้ แต่ต้องล็อกอินก่อน ::
  ล็อกอิน

รายการสื่อสารสนเทศ

ลำดับที่ ประเภท เลขเรียก/บาร์โค้ด สถานที่ สถานะ
1. วิทยาศาสตร์การแพทย์ และสุขภาพ
วิทยาศาสตร์การแพทย์ และสุขภาพ
นว พ661ป 2552  
  Barcode: 15945
ห้องสมุดวิทยาเขตสวรรค์ประชารักษ์
►นวนิยาย
บนชั้น
  ขอยืม

BibComment


ยังไม่เคยถูกคอมเมนท์

คอมเมนท์ทรัพยากรรายการนี้
  คอมเมนท์: ปราการรัก แห่งผื..


 Copyright 2026. Bcnsprnw @Library